000 00435nam a22001697a 4500
003 OSt
005 20231025103319.0
008 231025b |||||||| |||| 00| 0 eng d
020 _a9789389441016
040 _aDDC
_cHU
082 _2300.151
100 _aREID JOHNATHAN
_922893
245 _aUnitext for Freshmen: Mathematics for Social Science
260 _aEnggland
_bArtz Books
_c2020.
300 _a264p.
942 _2ddc
_cBOOKS
_n0
999 _c35903
_d35903